[Event "World Team-ch 2017"]
[Site "Khanty-Mansyisk"]
[Date "2017.06.26"]
[Round "9"]
[White "Li, Chao b"]
[Black "Bartel, Mateusz"]
[Result "1-0"]
[WhiteElo "2720"]
[BlackElo "2637"]
[Annotator "TA"]
[PlyCount "75"]
[EventDate "2017.??.??"]
[EventType "team-tourn"]
[EventCountry "RUS"]
[SourceTitle "playchess.com"]
[Source "ChessBase"]
[SourceQuality "1"]
[WhiteTeam "CHN"]
[BlackTeam "POL"]
[WhiteTeamCountry "CHN"]
[BlackTeamCountry "POL"]

{[%evp 18,75,29,13,18,8,20,20,61,52,60,64,58,35,30,36,38,11,34,45,50,29,23,0,115,113,117,50,158,147,202,189,197,197,176,162,366,342,420,385,564,547,645,647,631,625,695,650,702,701,696,693,678,663,624,515,502,515,504,494]} 1. d4 d5 2. c4 c6 3. Nf3 Nf6 4. Nc3 dxc4 5. a4 e6 6. e3 c5 7. Bxc4 Nc6 {D16: Slav Defence: 5 a4: Lines with 5...Bg4 and 5...Na6} (7... cxd4 8. exd4 Nc6 9. O-O Be7 10. Qe2 O-O 11. Rd1 Nb4 12. a5 Bd7 13. Ne5 Be8 14. Bg5 Nfd5 15. Bd2 a6 16. Nxd5 Nxd5 17. Bd3 {½-½ (51) Nakamura,H (2793)-Shankland,S (2666) Saint Louis 2017}) 8. O-O cxd4 9. Nxd4 Bd7 10. e4 {[%cal Be3e4,Be4e5][%mdl 32] LiveBook: 7 Games} Nxd4 11. Qxd4 {next e5 is good for White.} Bc6 12. Qe3 Be7 $146 ({Predecessor:} 12... Qb6 13. Qe2 Be7 14. Bg5 Qc5 15. Be3 {½-½ (83) Gupta,A (2607)-Xu,X (2503) Dubai 2017}) 13. e5 Nd7 14. Qg3 $1 {[%cal Rg3g7]} g6 15. Re1 O-O 16. Bh6 Re8 17. Rad1 Qc7 18. h4 {[%cal Bh2h4,Bh4h5][%mdl 32]} Rad8 19. Rc1 Qb6 $1 20. h5 Nf8 (20... Nc5 $1 $11) 21. b3 a6 22. Ne2 ({White should play} 22. Ne4 $16) 22... Bd5 (22... Ba3 $14) 23. Bxd5 $16 Rxd5 {[#]} (23... exd5 $16 24. Nf4 Bb4) 24. Nc3 $1 $18 Rd7 25. Ne4 Qd8 26. Qf3 $40 {[%mdl 128] White attacks with force.} Rd3 $2 (26... Rd5) 27. Re3 Rd4 28. Qf4 {[#] And now Rf3 would win.} g5 (28... Rxe4 $142 29. Rxe4 Qb8) 29. Qg3 {White is clearly winning.} Rd1+ 30. Re1 Rd3 31. f3 f6 32. exf6 Bxf6 33. Bxg5 Bxg5 34. Nxg5 Qd4+ 35. Kh2 {White threatens Nxe6+ and mate.} Qg7 36. Rc7 Rd7 37. Rxd7 Nxd7 38. Rxe6 {Precision: White = 66%, Black = 51%.} 1-0

[Event "World Team-ch 2017"]
[Site "Khanty-Mansyisk"]
[Date "2017.06.26"]
[Round "9"]
[White "Korobov, Anton"]
[Black "Hesham, Abdelrahman"]
[Result "1/2-1/2"]
[WhiteElo "2711"]
[BlackElo "2372"]
[Annotator "TA"]
[PlyCount "111"]
[EventDate "2017.??.??"]
[EventType "team-tourn"]
[EventCountry "RUS"]
[SourceTitle "playchess.com"]
[Source "ChessBase"]
[SourceQuality "1"]
[WhiteTeam "UKR"]
[BlackTeam "EGY"]
[WhiteTeamCountry "UKR"]
[BlackTeamCountry "EGY"]

{[%evp 16,111,29,26,51,46,45,44,54,31,66,19,31,33,35,30,59,56,58,42,49,45,55,52,67,66,80,73,83,54,85,29,72,62,71,58,63,58,70,57,50,50,62,63,72,75,79,32,120,107,110,45,63,0,0,0,0,0,0,0,0,0,0,0,11,11,80,80,80,80,85,84,95,77,80,84,83,77,77,79,84,84,1744,128,1120,0,0,0,0,0,0,0,0,0,0,0,0,0]} 1. c4 e6 2. d4 d5 3. Nc3 c6 4. e3 Nd7 5. Nf3 f5 6. Bd3 Nh6 7. Qc2 {A84: Dutch Defence: 2 c4 Miscellaneous} Bd6 8. b3 (8. Rb1 a5 9. a3 O-O 10. b4 axb4 11. axb4 dxc4 12. Bxc4 Nb6 13. Be2 Nd5 14. b5 Bd7 {½-½ (31) Zhou,J (2612)-Ding,L (2777) China 2016}) 8... O-O 9. Bb2 {LiveBook: 10 Games. White has an edge.} a6 10. Ne2 $146 ({Predecessor:} 10. h3 Kh8 11. a4 dxc4 12. Bxc4 Nb6 {1-0 (82) Pratyusha,B (2289)-Mohota,N (2262) Delhi 2016}) 10... Qe7 11. O-O Nf7 12. a4 b6 13. Qc1 Bb7 14. cxd5 cxd5 15. Ba3 Nb8 16. Bxd6 Qxd6 17. Qd2 Nc6 18. Rfc1 Rfc8 19. h4 Kf8 20. Nf4 Ke7 21. Rc3 Nb4 22. Rac1 g6 23. a5 ({White should play} 23. Nh3 $16) 23... Rxc3 24. Rxc3 Rc8 25. axb6 Qxb6 26. Be2 a5 27. Ng5 {[#] Hoping for Rxc8.} Nxg5 28. hxg5 Kd7 29. g4 Qd8 30. Rxc8 Qxc8 31. Kg2 Kd6 (31... Qc2 $14 32. Qxc2 Nxc2) 32. Qe1 $16 Ba6 33. Bf3 (33. gxf5 $16 {Bxa6 is the strong threat.} exf5 34. Bxa6 Qxa6 35. Qa1) 33... Qc2 $14 34. Qa1 ({Better is} 34. Qh1 $14 fxg4 35. Bxg4) 34... Nd3 $1 $11 35. Nxd3 Qxd3 36. gxf5 Qxf5 37. Qxa5 Qxg5+ 38. Kh2 Qh4+ 39. Kg1 Qg5+ 40. Bg2 Be2 (40... Bd3 $11) 41. Qb6+ $16 Kd7 42. Qb7+ Kd8 43. Qxh7 Bf3 {[%csl Gf3][%cal Rg5g2] [#]} 44. Qh3 Bxg2 45. Qxg2 {[%mdl 4096] Endgame KQ-KQ} Qf5 46. Qg3 Kd7 47. Kg2 Kc6 48. Qf3 {Black must now prevent Qxf5.} Kb5 $2 {[%mdl 8192]} (48... Qg5+ $16 49. Kf1 Qf5) 49. Kg3 $2 (49. Qxf5 $18 exf5 50. f3) 49... g5 $2 {[%mdl 8192]} (49... Qg5+ $16 50. Qg4 Qf6) 50. Qe2+ $2 (50. Qxf5 $18 exf5 51. f3) 50... Kb4 $11 {The position is equal.} 51. Qa2 Kc3 52. Qa3 Qe4 53. b4+ Kc4 54. Qa4 {And now b5+ would win.} Kc3 55. b5 {Strongly threatening Qd1.} (55. Qd1 $5 {[%cal Rb4b5]} Kxb4 56. Qh5 $11) 55... Qh4+ 56. Kg2 {Precision: White = 51%, Black = 45%.} 1/2-1/2

[Event "World Team-ch 2017"]
[Site "Khanty-Mansyisk"]
[Date "2017.06.26"]
[Round "9"]
[White "Matlakov, Maxim"]
[Black "Robson, Ray"]
[Result "1-0"]
[WhiteElo "2707"]
[BlackElo "2656"]
[Annotator "TA"]
[PlyCount "105"]
[EventDate "2017.??.??"]
[EventType "team-tourn"]
[EventCountry "RUS"]
[SourceTitle "playchess.com"]
[Source "ChessBase"]
[SourceQuality "1"]
[WhiteTeam "RUS"]
[BlackTeam "USA"]
[WhiteTeamCountry "RUS"]
[BlackTeamCountry "USA"]

{[%evp 12,105,33,24,40,41,50,45,45,45,44,37,44,25,35,24,21,0,0,0,0,0,0,1,93,106,150,128,194,26,33,34,54,25,36,30,23,20,35,8,12,0,23,31,30,43,51,46,51,50,61,56,68,51,45,67,162,150,128,15,15,9,111,96,83,16,29,39,45,27,68,82,104,106,508,489,541,536,669,302,216,0,618,672,987,969,987,950,1304,1123,12841,12841,12843,12843,12843,12843]} 1. d4 d5 2. c4 c6 3. Nf3 Nf6 4. Nc3 e6 5. Bg5 Nbd7 6. e3 h6 7. Bh4 g5 {D51: Queen's Gambit Declined: 4 Bg5 Nbd7 sidelines} 8. Bg3 Nh5 9. Qc2 Nxg3 {White is slightly better.} 10. hxg3 Bg7 11. O-O-O Qe7 12. Bd3 Nb6 13. c5 Nd7 14. e4 $36 {[%mdl 2048] And now exd5 would win. White has the initiative.} g4 15. Nh4 $1 Bxd4 16. exd5 Nxc5 {[#]} 17. Bf5 $146 ({Predecessor:} 17. dxe6 Bxe6 {0-1 (28) Vitiugov,N (2726)-Artemiev,V (2653) Doha 2016}) 17... Be5 (17... Bg7 $1 $11 {keeps the balance.} 18. dxe6 Bxe6) 18. dxe6 $16 Bxe6 19. Rhe1 Bf6 {[#]} (19... Bxc3 $16 20. Qxc3 O-O) 20. Bxg4 $2 (20. b4 $1 $18) 20... Bxh4 $11 21. gxh4 {Black must now prevent Bxe6.} Rd8 22. Bxe6 Nxe6 23. Ne4 {aiming for Qc3.} O-O 24. Qc3 {Hoping for Nf6+.} Rxd1+ 25. Rxd1 Rd8 26. Qg3+ (26. Nf6+ {is more complex.} Kf8 27. g3 Rxd1+ 28. Kxd1 Qd6+ 29. Qd2) 26... Kf8 (26... Kh7 {feels hotter.} 27. Nd6 Qf6 28. Qe3 Nf4 29. Qe4+ Ng6) 27. Rxd8+ Qxd8 28. Qd6+ Qxd6 29. Nxd6 $14 {[%mdl 4096] Endgame KN-KN} Nf4 30. g3 Nd3+ 31. Kd2 Nxf2 32. Ke2 Ke7 33. Nxb7 Ne4 (33... Ng4 $1 $14) 34. Kf3 $18 Nf6 35. b4 (35. g4 $16) 35... Nd5 $11 36. a3 Nc3 (36... f5 $1 $11) 37. Na5 $16 Kd6 38. Kg4 ({White should play} 38. g4 $16) 38... Ne2 $1 $11 39. Nc4+ Ke6 $1 40. Ne3 Ke5 41. Nf5 h5+ 42. Kg5 f6+ $2 {[%mdl 8192]} (42... a6 $16 {is tougher.} 43. g4 hxg4 44. Kxg4 Nc3) 43. Kg6 $18 a6 44. a4 {[%cal Ba3a4,Ba4a5][%mdl 32]} Nc3 45. Ne7 (45. Ng7 $142 f5 46. Nxh5 (46. Nxf5 Nxa4 47. Ne3 Nb6 $18)) 45... Kd6 46. Nf5+ $2 ({Inferior is} 46. Kxf6 Ne4+ 47. Kf7 Nxg3 $11) (46. Nc8+ Kd7 47. Kxh5) 46... Ke5 47. Ng7 {White is clearly winning.} Ne4 48. Nxh5 f5 49. a5 c5 {[#]} 50. b5 $1 {[%cal Bb4b5,Bb5a6,Ba6a7][%mdl 544]} c4 (50... axb5 51. a6) 51. bxa6 c3 52. a7 c2 53. Nf4 {Precision: White = 62%, Black = 48%.} 1-0

[Event "World Team-ch 2017"]
[Site "Khanty-Mansyisk"]
[Date "2017.06.26"]
[Round "9"]
[White "Onischuk, Alexander"]
[Black "Vitiugov, Nikita"]
[Result "0-1"]
[WhiteElo "2685"]
[BlackElo "2720"]
[Annotator "TA"]
[PlyCount "112"]
[EventDate "2017.??.??"]
[EventType "team-tourn"]
[EventCountry "RUS"]
[SourceTitle "playchess.com"]
[Source "ChessBase"]
[SourceQuality "1"]
[WhiteTeam "USA"]
[BlackTeam "RUS"]
[WhiteTeamCountry "USA"]
[BlackTeamCountry "RUS"]

{[%evp 16,112,15,17,15,7,11,13,17,14,29,35,43,21,21,20,26,0,12,0,22,-12,31,-47,-55,-89,-91,-82,-67,-59,-7,-12,-8,-10,-6,-78,-85,-87,-70,-103,-100,-76,-87,-108,-91,-178,-176,-208,-208,-208,-200,-200,-202,-217,-210,-214,-210,-202,-188,-196,-204,-178,-148,-270,-268,-264,-254,-237,-234,-183,-171,-254,-254,-259,-290,-275,-267,-297,-288,-541,-533,-1402,-1395,-1386,-1385,-1375,-1362,-1329,-1332,-1337,-1337,-1291,-1267,-4652,-4208,-5761,-5761,-5364,-4751]} 1. d4 Nf6 2. c4 e6 3. Nf3 Bb4+ 4. Bd2 Bxd2+ 5. Qxd2 d5 6. Nc3 O-O 7. e3 Qe7 8. cxd5 exd5 9. Bd3 b6 {E11: Bogo-Indian} (9... Nc6 10. h3 Rd8 11. a3 Ne4 12. Qc2 Bf5 13. O-O Rd6 14. Nd2 Re8 15. Bxe4 dxe4 16. Ne2 Qh4 17. Ng3 Bxh3 18. gxh3 Qxh3 {0-1 (29) Postny,E (2588)-Fedorchuk,S (2621) Llucmajor 2017}) 10. O-O Bb7 11. Ne5 c5 {The position is equal.} 12. Rac1 c4 $146 ({Predecessor:} 12... Nbd7 13. f4 a6 14. Bf5 c4 15. Na4 Rab8 16. Rf3 g6 17. Bxd7 Nxd7 {½-½ (26) Lputian,S (2495)-Kurajica,B (2510) Sarajevo 1983}) 13. Bb1 a6 14. a4 (14. e4 $5) 14... Nc6 15. f4 Nb4 16. Rce1 Rac8 17. Qe2 Rc7 18. g4 Ne4 19. g5 (19. Bxe4 $1 $14 dxe4 20. Nxc4) 19... f6 $15 20. gxf6 gxf6 21. Nf3 Kh8 22. Kh1 Qg7 (22... Qe8 $15) 23. Rg1 $11 Qh6 24. Rg2 Qh5 25. Rf1 (25. Bxe4 $1 $11 {keeps the balance.} dxe4 26. Nd2 Qxe2 27. Rgxe2) 25... Bc8 $17 26. Bxe4 dxe4 27. Nd2 Qxe2 28. Rxe2 Bg4 29. Rg2 Bh3 30. Ndxe4 (30. f5 $17 {might work better.}) 30... Re7 $19 ({But not} 30... Bxg2+ 31. Kxg2 f5 32. Ng3 $17) 31. Rf3 Bxg2+ 32. Kxg2 Nd3 33. Nd6 Ne1+ 34. Kf2 Nxf3 35. Kxf3 f5 36. Nxc4 Re6 $1 37. d5 Rh6 38. d6 Rxh2 39. e4 (39. Ne2 $17) 39... b5 40. axb5 axb5 41. Nxb5 fxe4+ 42. Kxe4 Rh4 43. Ne5 (43. Kd5 $142) 43... Rhxf4+ 44. Kd5 Kg8 45. d7 Rf1 $1 46. Nd4 Rd1 47. Nec6 $2 (47. Ke4 {was called for.} Rd8 48. b4) 47... h5 {[%cal Bh7h5,Bh5h4,Bh4h3][%mdl 32] Black is clearly winning.} 48. d8=Q Rxd8+ 49. Nxd8 h4 50. N8c6 h3 51. Ne7+ Kf7 52. Nef5 {[#]} Kg6 $1 53. Ng3 {[#]} Kg5 $1 54. Ke4 Kg4 55. Nde2 Re1 56. Ke3 {[#]} Rxe2+ $1 {[%mdl 512] Precision: White = 41%, Black = 86%.} 0-1

[Event "World Team-ch 2017"]
[Site "Khanty-Mansyisk"]
[Date "2017.06.26"]
[Round "9"]
[White "Moiseenko, Alexander"]
[Black "Ameir, Moheb"]
[Result "1-0"]
[WhiteElo "2675"]
[BlackElo "2399"]
[Annotator "TA"]
[PlyCount "55"]
[EventDate "2017.??.??"]
[EventType "team-tourn"]
[EventCountry "RUS"]
[SourceTitle "playchess.com"]
[Source "ChessBase"]
[SourceQuality "1"]
[WhiteTeam "UKR"]
[BlackTeam "EGY"]
[WhiteTeamCountry "UKR"]
[BlackTeamCountry "EGY"]

{[%evp 11,55,4,16,14,38,35,28,37,20,1,7,-20,-6,-13,-14,-27,0,-26,-25,-46,-50,-29,-27,-31,-27,-46,-24,-20,-14,-25,-24,-15,16,-8,18,0,17,12,1343,-58,1341,1413,1491,1488,1491,1483]} 1. d4 Nf6 2. c4 e6 3. Nf3 b6 4. a3 Ba6 5. Qb3 Be7 6. Nc3 {E12: Queen's Indian: Unusual White 4th moves, 4 a3, 4 Nc3 Bb7 5 a3 and 4 Nc3 Bb7} Bb7 {LiveBook: 10 Games} 7. d5 (7. Bf4 O-O 8. Rd1 d5 9. e3 Nbd7 10. cxd5 Nxd5 11. Nxd5 exd5 12. Be2 c5 13. dxc5 Nxc5 {1-0 (34) Sanikidze,T (2518)-Korobov,A (2688) Minsk 2017}) 7... c6 {[%cal Rc6d5]} 8. e4 {Black must now prevent e5.White is slightly better.} cxd5 9. cxd5 O-O $146 ({Predecessor:} 9... exd5 10. exd5 Na6 11. Bf4 Nc5 12. Qd1 d6 13. Bb5+ Ncd7 {0-1 (31) Gromovs,S (2311)-Stromboli,E (2297) Bisaccia 2011}) 10. Be2 {d6! is the strong threat.} exd5 $1 11. exd5 (11. e5 $5 {[%cal Re5f6]} Ne4 12. Nxd5 $11) 11... Na6 {[%cal Bb8a6,Ba6c5,Bc5e4][%mdl 32]} 12. O-O Nc5 13. Qa2 Nfe4 14. Nxe4 Nxe4 15. Bd3 Nf6 16. Bc4 {[#]} b5 $1 {[%mdl 512]} 17. Bb3 (17. Bxb5 Bxd5) 17... Bc5 18. Bg5 h6 19. Bh4 g5 20. Bg3 d6 21. Qb1 Nh5 ({But not} 21... Nxd5 $6 22. Qd3 $16) ({Stronger than} 21... Bxd5 22. Bxd5 Nxd5 23. Rd1 $16) 22. Qd3 $1 Qf6 23. Bc2 $36 {[%csl Gc2][%cal Rd3h7][%mdl 2048] White is more active.} Rfe8 24. b4 Bb6 $2 {[%mdl 8192] [#]} (24... Nxg3 $11 25. hxg3 Bb6) 25. Qh7+ $1 $18 Kf8 {[#]} 26. Bxd6+ $1 {[%mdl 512] White is clearly winning.} Qxd6 27. Qh8+ Ke7 28. Rfe1+ {Precision: White = 69%, Black = 47%.} 1-0

[Event "World Team-ch 2017"]
[Site "Khanty-Mansyisk"]
[Date "2017.06.26"]
[Round "9"]
[White "Adhiban, B."]
[Black "Salomon, Johan"]
[Result "1-0"]
[WhiteElo "2670"]
[BlackElo "2501"]
[Annotator "TA"]
[PlyCount "77"]
[EventDate "2017.??.??"]
[EventType "team-tourn"]
[EventCountry "RUS"]
[SourceTitle "playchess.com"]
[Source "ChessBase"]
[SourceQuality "1"]
[WhiteTeam "IND"]
[BlackTeam "NOR"]
[WhiteTeamCountry "IND"]
[BlackTeamCountry "NOR"]

{[%evp 22,77,36,35,41,37,33,16,67,75,118,97,143,145,162,144,141,114,104,105,127,121,112,100,97,105,95,88,111,113,114,110,165,158,150,129,300,304,312,305,291,272,275,289,569,567,560,506,587,578,952,609,1429,1391,29988,29986,29986,29987]} 1. Nf3 d5 2. c4 e6 3. e3 Nf6 4. b3 Be7 5. Bb2 O-O 6. Nc3 c5 7. cxd5 exd5 8. d4 Nc6 9. Be2 {[%cal Bf1e2,Be2g4,Bg4h3][%mdl 32]} cxd4 10. Nxd4 Be6 11. O-O Rc8 {D32: Tarrasch Defence: Sidelines and lines without g3} 12. Rc1 {LiveBook: 4 Games} Qa5 (12... Bd6 13. Na4 Ne4 14. Bf3 Ng5 15. Be2 Ne4 16. Bf3 Ng5 17. Be2 Qe7 {0-1 (40) Brunner,L (2475)-Maze,S (2578) Switzerland 2009}) 13. Nxe6 fxe6 {White is slightly better.} 14. Bg4 Kf7 $146 ({Better is} 14... Nxg4 $11 15. Qxg4 Rf6) ({Predecessor:} 14... Nxg4 15. Qxg4 {½-½ (50) Froewis,G (2329)-Lacrosse,M (2185) Vienna 2011}) 15. Bh3 $14 Rcd8 16. Ne2 {Bxf6 is the strong threat.} Rd6 17. Nf4 g6 18. a4 Qb6 19. b4 Qxb4 20. Rb1 Qc5 21. Bxf6 Bxf6 22. Rb5 Qc4 23. Rxb7+ Ne7 24. Rxa7 e5 25. Nd3 $36 {[%mdl 2048] White has strong initiative.} e4 26. Nf4 Rfd8 (26... Rb8 $16 27. Rd7 Qc6) 27. Qb1 $18 Qc5 28. Rb7 Rc6 $2 {[#]} (28... Ra8 $16 29. Rc1 Qa5) 29. Bd7 $1 {[%cal Rd7c6]} Rd6 30. Rc1 {[%cal Bf1c1,Bc1c2,Bc2c7][%mdl 32]} Qa5 31. Bb5 Kf8 32. g3 Qd2 $2 (32... Rb6) 33. Rc2 Qa5 34. Rcc7 Qd2 35. h4 Kf7 36. Kg2 Rg8 {[#]} 37. Nxd5 $1 {[%mdl 512]} Rxd5 (37... Qxd5 38. Bc4) 38. Rxe7+ Bxe7 39. Qxe4 {Precision: White = 71%, Black = 35%.} 1-0

[Event "World Team-ch 2017"]
[Site "Khanty-Mansyisk"]
[Date "2017.06.26"]
[Round "9"]
[White "Sasikiran, Krishnan"]
[Black "Hauge, Lars Oskar"]
[Result "1/2-1/2"]
[WhiteElo "2669"]
[BlackElo "2448"]
[Annotator "TA"]
[PlyCount "113"]
[EventDate "2017.??.??"]
[EventType "team-tourn"]
[EventCountry "RUS"]
[SourceTitle "playchess.com"]
[Source "ChessBase"]
[SourceQuality "1"]
[WhiteTeam "IND"]
[BlackTeam "NOR"]
[WhiteTeamCountry "IND"]
[BlackTeamCountry "NOR"]

{[%evp 26,113,21,19,35,14,36,35,74,74,73,48,42,48,117,92,97,100,96,91,91,88,86,77,89,81,100,93,102,81,114,98,113,111,178,178,173,151,150,143,198,197,222,205,210,175,207,200,238,211,195,172,573,577,712,514,565,707,705,664,642,564,520,0,0,0,0,0,0,0,0,0,0,0,0,0,0,0,0,0,0,0,0,0,0,0,0,0,0,0]} 1. Nf3 Nf6 2. g3 g6 3. Bg2 Bg7 4. O-O O-O 5. d4 d5 6. c4 c6 7. cxd5 cxd5 8. Ne5 Ng4 9. Nf3 Nf6 10. Nc3 Ne4 11. Ne5 Nxc3 12. bxc3 {[%cal Bb2c3,Bc3c4][%mdl 32]} Nc6 13. Nxc6 bxc6 14. Qa4 Be6 {D79: Fianchetto Grünfeld: Symmetrical Variation (6 0-0 c6 7 cxd5 cxd5)} (14... Qb6 15. Ba3 Qa6 16. Qxa6 Bxa6 17. Rfb1 Rfb8 18. Bxe7 {½-½ (16) Mamedyarov,S (2772)-Vachier Lagrave,M (2795) Moscow 2017}) 15. Rb1 Qc8 16. Bf4 Re8 $146 {White is slightly better.} ({Predecessor:} 16... Bf5 17. Rbc1 Qe6 18. Rfe1 Rfc8 19. c4 dxc4 20. Qxc4 Qxc4 21. Rxc4 Be6 22. Rxc6 Bxa2 {1-0 (48) Keene,R-Scholl,E Vlissingen 1970}) 17. c4 Bf5 18. cxd5 {[#] aiming for Rbc1.} (18. Rbc1 $5 {[%cal Rc4d5]} Qe6 19. Rfe1 $14) 18... Bxb1 19. Rxb1 c5 ({Better is} 19... g5 $1 $14) 20. dxc5 Qxc5 21. d6 $1 $36 {[%cal Rd6d7][%mdl 2048] White is on the roll.} exd6 22. Bxa8 Rxa8 23. Rc1 Qb6 24. Qc6 (24. Qe4 {keeps more tension.} Rd8 25. Be3 Qa5 26. Qe7 a6 27. Qc7) 24... Qxc6 25. Rxc6 $16 {[%mdl 4096] Endgame KRB-KRB} d5 26. Ra6 Kf8 27. Kf1 Ke7 28. Bd6+ Ke8 29. a4 Bf8 (29... Kd7 $16) 30. Bxf8 $18 Kxf8 {KR-KR} 31. Rd6 Rb8 32. Rxd5 Rb7 (32... Rb6 $16 33. Rc5 Ke8) 33. Ra5 h5 34. Ra6 Kg7 35. h3 {[%cal Bh2h3,Bh3g4,Bg4g5][%mdl 32]} Kh6 36. f4 Kg7 37. Kf2 Rc7 38. g4 hxg4 $2 (38... Rc3 39. gxh5 (39. Rxa7 Rxh3 40. g5 Rh2+ 41. Kf3 Kf8 $18) 39... gxh5) 39. hxg4 Rb7 40. Kf3 Rc7 41. g5 Rb7 42. e4 Rc7 43. Kg4 Re7 44. a5 $2 (44. Kg3 $18 Rd7 45. f5) 44... Rxe4 $11 {The position is equal.} 45. Rxa7 {[#] Kf3 is the strong threat.} Re3 $1 46. Rc7 {Black must now prevent a6.} Ra3 47. Rc5 Kh7 48. Rc7 Kg7 49. Ra7 (49. f5 $5 {[%cal Rf5f6]} Ra4+ 50. Kg3 gxf5 51. Rc6 $11) 49... Kg8 50. a6 Kg7 51. Ra8 (51. f5 $5 {[%cal Rf5f6]} Ra4+ 52. Kf3 gxf5 53. Ra8 $14) 51... Kh7 52. Rf8 (52. f5 $5 {[%cal Rf5f6]} Ra4+ 53. Kh3 $16) 52... Kg7 53. Ra8 Kh7 54. a7 (54. f5 $5 {[%cal Rf5f6]} Ra4+ 55. Kf3 gxf5 56. a7 $16) 54... Kg7 55. Kh4 {Threatening Kg4.} Kh7 56. Kg4 Kg7 57. Kh4 {Precision: White = 64%, Black = 43%.} 1/2-1/2

[Event "World Team-ch 2017"]
[Site "Khanty-Mansyisk"]
[Date "2017.06.26"]
[Round "9"]
[White "Xiong, Jeffery"]
[Black "Fedoseev, Vladimir"]
[Result "0-1"]
[WhiteElo "2658"]
[BlackElo "2703"]
[Annotator "TA"]
[PlyCount "86"]
[EventDate "2017.??.??"]
[EventType "team-tourn"]
[EventCountry "RUS"]
[SourceTitle "playchess.com"]
[Source "ChessBase"]
[SourceQuality "1"]
[WhiteTeam "USA"]
[BlackTeam "RUS"]
[WhiteTeamCountry "USA"]
[BlackTeamCountry "RUS"]

{[%evp 23,86,22,19,-12,-12,-14,-4,-22,-19,-21,-21,-20,-31,-45,-37,-44,-43,-40,0,0,0,0,0,0,0,0,4,0,15,30,36,33,51,47,30,0,0,0,0,0,0,0,0,-93,0,-143,-146,-573,-578,-578,-579,-571,-570,-554,-511,-601,-398,-1079,-979,-1729,-1637,-29974,-29975,-29973,-10848]} 1. d4 d5 2. c4 e6 3. Nf3 Nf6 4. g3 Bb4+ 5. Bd2 Be7 6. Bg2 O-O 7. O-O c6 8. Qc2 a5 {E11: Bogo-Indian} (8... Nbd7 9. Rd1 b6 10. Bf4 Bb7 11. Ne5 Nh5 12. Bd2 Nhf6 13. cxd5 cxd5 14. Nc6 Bxc6 15. Qxc6 Rc8 16. Qb5 Ne8 17. Qd3 Nd6 18. Nc3 Nf6 19. b3 Qd7 20. Rac1 Rfd8 21. Rc2 Nde4 22. Be1 {½-½ (22) Radjabov,T (2710)-Gelfand,B (2724) Moscow 2017}) 9. Rd1 b5 10. c5 Nbd7 11. Bf4 Nh5 12. Bc1 f5 {LiveBook: 6 Games} 13. Ne5 Nxe5 14. dxe5 g5 {[%cal Bg7g5,Bg5g4][%mdl 32]} 15. Nd2 Qc7 16. Nf3 g4 17. Nd4 Bd7 $146 18. Bf4 Nxf4 19. gxf4 b4 20. a4 bxa3 21. Rxa3 Rfb8 22. h3 Qa7 23. Rc3 {[%cal Ba3c3,Bc3c7,Bc7b7][%mdl 32]} gxh3 $1 {[#]} 24. Bxd5 $1 {[%mdl 512]} cxd5 25. c6 Kh8 (25... h2+ $5 26. Kxh2 Bb4 27. Rg3+ Kh8 $14) 26. cxd7 Rg8+ 27. Kh1 {Black must now prevent Rc7.} Qxd7 28. Rc7 ({Of course not} 28. Rxh3 Rac8 $11) 28... Qe8 29. Qc3 (29. Nxe6 $5 {[%cal Rc2f5]} Qg6 30. Ng5 Bxg5 31. Rg1 $14) 29... Rg6 30. Rc1 ({Wrong is} 30. Qxh3 $2 Qf8 $19) 30... Bh4 31. Nf3 $1 {[%cal Rf3h4]} ({Don't play} 31. Qxh3 Rh6 $17) 31... Bd8 32. Rb7 Qg8 {Threatens to win with ...Rg2.} 33. Nd4 (33. Nh2 $11 {remains equal.}) 33... Bh4 $40 {[%mdl 128] Black mounts an attack.} ({Better is} 33... h2 $17 {( -> ...Rg1+)} 34. Nf3 Rg4) 34. Qf3 (34. Nf3 $1 $11 {was the only way to keep the balance.} Bd8 35. Ng1) 34... Rc8 $17 35. Rc6 $2 {[%mdl 8192]} (35. Rf1 $17 {nothing else works.}) 35... Rg1+ $19 36. Kh2 Rg2+ 37. Kh1 Rxc6 38. Nxc6 {And now Rb8 would win.} Qg4 39. Nd4 Rxf2 {[#]} 40. Rb8+ $2 (40. Nxe6 $1 {[%mdl 512]} Rxf3 41. Rb8+ Qg8 42. Rxg8+ Kxg8 43. exf3) 40... Kg7 41. Nxe6+ Kh6 42. Qxg4 fxg4 43. Rb6 Bg3 {Precision: White = 40%, Black = 85%.} 0-1